000 00425 a2200157 4500
003 OSt
005 20180116182805.0
008 160502b xxu||||| |||| 00| 0 eng d
020 _a9812653120
040 _c0
100 _aNandu Thondavadi.
245 _aOffshore outsourceing a path to new efficiencies in It and business processess.
260 _aAustralia
_c2005
300 _a248
942 _aNBS
_cBK
_k658.4058 THO
_2ddc
999 _c346031
_d346031